Russian Officers Killed during the 2022 Invasion of Ukraine - Normal - Statistics

General Stats
  • This quiz has been taken 49 times
  • The average score is 71 of 117
Answer Stats
Date of Birth Unit Rank Position Answer % Correct
July 24, 1980 123rd Separate Guards Motor Rifle Brigade, 2nd Army Corps, Southern Military District Colonel Motor Rifle Brigade Commander Denis Evgenievich Ivanov
100%
March 12, 1978 VDV (Airborne Forces) Headquarters Colonel Deputy Head of the Operational Department of the Command Center of the Airborne Forces Command Alexander Nikolaevich Galkin
75%
July 29, 1977 85th Motor Rifle Brigade, 2nd Army Corps, 8th Guards Combined Arms Army Colonel Motor Rifle Brigade Commander Alexander Vladimirovich Gorin
75%
January 20, 1973 20th Guards Motor Rifle Division, 8th Guards Combined Arms Army Colonel Division Deputy Commander for Military-Political Affairs Alexei Yurievich Avramchenko
75%
February 10, 1973 20th Guards Motor Rifle Division, 8th Guards Combined Arms Army, Southern Military District Colonel Motor Rifle Division Commander Alexey Nikolaevich Gorobets
75%
May 19, 1972 VDV (Airborne Forces) Colonel Head of the Counter-Battery Operational Department of the Airborne Troops Alexey Nikolaevich Koblov
75%
January 14, 1978 4th Guards Military Base Colonel Military Base Deputy Commander Alexey Viktorovich Kharechko
75%
June 25, 1974 41st Combined Arms Army, Central Military District Major General Army Deputy Commander Andrey Aleksandrovich Sukhovetsky
75%
1983 29th Combined Arms Army, Eastern Military District Colonel Army Chief of Operations/Deputy Chief of Staff Andrey Evgenievich Rukhmakov
75%
November 18, 1980 85th Separate Motor Rifle Brigade, Southern Military District Colonel Motor Rifle Brigade Deputy Commander Andrey Valerievich Kolpakov
75%
December 19, 1977 78th Anti-Aircraft Missile Brigade, 8th Guards Combined Arms Army Colonel Anti-Aircraft Missile Brigade Commander Andrey Vitalievich Elizarov
75%
June 23, 1979 85th Motor Rifle Brigade, 2nd Guards Army Corps, 8th Guards Combined Arms Army (Previously) CO of 102nd Military Base, (Formerly) CO of 31st Guards Air Assault Brigade Colonel Motor Rifle Brigade Commanderpreviously VDV (Airborne)/ Brigade Commander (previously) Military Base Commander Andrey Vladimirovich Kondrashkin
75%
aged 51 at death VDV (Airborne Forces) Colonel VDV Chief of the Armored Service Arman Tolegenovich Ospanov
75%
???? Military Commandant of Berdyansk Colonel Military Commandant of the City Artem Igorevich Bardin
75%
July 28, 1972 35th Combined Arms Army Colonel Army Chief of Missile Forces and Artillery Boris Gennadievich Totikov
75%
August 14, 1984 114th Separate Guards Motor Rifle Brigade, 1st Army Corps, 8th Guards Combined Arms Army Colonel Motor Rifle Brigade Commander Roman Sergeevich Torokhov
75%
June 10, 1982 237th Tank Regiment, 3rd Motor Rifle Division, 20th Guards Combined Arms Army, (Formerly Chief of Staff of 488th Guards Motor Rifle Regiment of 144th Motor Rifle Division (same army) Colonel Tank Regiment Commander Denis Alexandrovich Buyanov
75%
February 10, 1982 19th Separate RKHBZ Regiment, 29th Combined Arms Army Colonel RKHBZ Regiment Commander Denis Gennadievich Davydov
75%
March 6, 1981 (Motor Rifle Regiment of the 392nd Educational Training Center Colonel Motor Rifle Regiment Commander Denis Nikolaevich Lisov
75%
October 16, 1980 4th Guards Tank Division, 1st Guards Tank Army, Western/Moscow Military District Colonel Tank Division Chief of Operations Denis Vladimirovich Gutarov
75%
February 19, 1979 4th Separate Motor Rifle Brigade, 2nd Army Corps Colonel Motor Rifle Brigade Commander Vyacheslav Vladimirovich Makarov
75%
December 2, 1978 1232nd Motorized Rifle Regiment, 3rd Army Corps, Former Commander of the 98th Guards Airborne Division from 2015-2017 (retired for unknown reasons) Guards Colonel Mobilized Regiment Commander, Former VDV Division Commander Dmitry Aleksandrovich Ulyanov
75%
43 years old 17th Separate Electronic Warfare Brigade, Eastern Military District Colonel Electronic Warfare Brigade Commander Dmitry Grigorievich Barashkin
75%
January 3, 1976 1st Army Corps, 8th Guards Combined Arms Army Colonel Army Corps Chief of Air Defense Dmitry Yurievich Tskhe
75%
August 23, 1981 4th Separate Motor Rifle Brigade, 2nd Army Corps, Southern Military District Colonel Motor Rifle Brigade Chief of Staff Evgeny Viktorovich Tikhno
75%
January 26, 1978 69th Motor Rifle Division (formerly 138th Motor Rifle Brigade), 6th Combined Arms Army Colonel Motor Rifle Division Commander? Previously Chief of Staff of Military Base Evgeny Yurievich Okhrimenko
75%
June 25, 1984 Military Unit 6922 Colonel Leader of the Special Forces Detachment/Group Fedor Zakharovich Babaev
75%
May 6, 1969 1st Guards Tank Army, Western Military District/Moscow Military District (2024-present) Colonel Army Chief of Missile Forces and Artillery Georgy Ivanovich Shuvaev
75%
??? 36th Separate Guards Motor Rifle Brigade, 29th Combined Arms Army, Eastern Military District Colonel Motor Rifle Brigade Commander Husein Vilyatovich Musaev
75%
July 13, 1970 Radiation, Chemical and Biological Defense Troops of the Armed Forces of the Russian Federation Lt. General Chief of the Radiation, Chemical and Biological Defense Troops of the Armed Forces of the Russian Federation Igor Anatolievich Kirillov
75%
August 27, 1985 20th Motor Rifle Division, (Formerly) 239th Guards Tank Regiment until May 2022??? Colonel Division Deputy Commander, Regiment Commander Kanat Khalimaddenovich Mukatov
75%
???? 18th Combined Arms Army (Former 22nd Army Corps) Southern Military District Colonel Army Deputy Commander Magomedali Kamilevich Magomedzhanov
75%
March 13, 1977 37th Motor Rifle Brigade, 36th Combined Arms Army, Eastern Military District Colonel Motor Rifle Brigade Commander Marat Smagulovich Gadzhibalaev
75%
September 16, 1983 106th Guards Airborne Division Colonel Airborne Division Deputy Commander for Armaments Maxim Petrovich Kudrin
75%
April 12, 1978 96th Separate Reconnaissance Brigade, 1st Guards Tank Army Colonel Reconnaisance Brigade Commander, previously Chief of Staff Maxim Vladimirovich Kharlamov
75%
October 3, 1977 7th Mountain Guards Air Assault Division Colonel (VDV) Air Assault Division Chief of Communications Oleg Aleksandrovich Osichkin
75%
September 23, 1971 Southern Military District, (Formerly) 20th Combined Arms Army or 144th Guards Motor Rifle Division before that 2nd Guards Combined Arms Army Lt. General(Started the invasion as a Major General) Military District Deputy Commander, previously Army or Division Commander, formerly Army Chief of Staff Oleg Yurievich Tsokov
75%
May 12, 1970 3rd Separate Guards Motor Rifle Brigade Colonel Commander of the Rocket Artillery Division of the Brigade Olga Sergeevna Kachura
75%
January 27, 1979 59th Guards Control Brigade, Central Military District Colonel Control/Signal Brigade Commander Pavel Aleksandrovich Kropotov
75%
June 29, 1977 5th Separate Guards Motor Rifle Brigade, 51st Combined Arms Army (Formerly 1st Army Corps of 8th Guards Combined Arms Army Major General Motor Rifle Brigade Commander Pavel Yurievich Klimenko
75%
February 16, 1969 1st Army Corps (DPR), 8th Guards Combined Arms Army Lt. General (posthumously) Army Corps Commander, Army Chief of Staff (simultaneously held both positions) Roman Vladimirovich Kutuzov
75%
October 12, 1979 5th Combined Arms Army, Eastern Military District Colonel Army Chief of Operations/Deputy Chief of Staff Sergey Aleksandrovich Khmelev
75%
March 8, 1980 20th Guards Motor Rifle Division, (Former Commander of 810th Guards Naval Infantry Brigade until 2021) Colonel Motor Rifle Division Chief of Staff Sergey Nikolaevich Kens
75%
October 22, 1970 35th Combined Arms Army, Eastern Military District, previously 5th Guards Tank Brigade, 36th Combined Arms Army Major General Army Chief of Staff, previously Brigade Commander Sergey Vladimirovich Goryachev
75%
February 16, 1975 14th Guards Spetsnaz Brigade, Eastern Military District Colonel Special Purpose (Spetsnaz) Brigade Commander Sergey Yurievich Polyakov
75%
November 17, 1977 Deputy Head of the Military Training Center, St Petersburg (died alongside the commander of the 36th Motor Rifle Brigade of the 29th Combined Arms Army in the strike on Trudovskoye, may have been affiliated with the above brigade Colonel Deputy Head of the Military Training Center Vadim Aleksandrovich Slyusar
75%
July 7, 1981 3rd Radio-Technical Regiment, 4th Guards Air and Air Defence Forces Army Colonel Radio/Technical Regiment Commander Vadim Nailievich Ismagilov
75%
August 23....???? VDV (Airborne Forces) Headquarters Colonel Deputy Head of the Operational Department of the Command Center of the Airborne Forces Command Vadim Viktorovich Dobryakov
75%
February 1, 1977 41st Missile Boat Brigade, Black Sea Fleet Navy Captain (1st Rank) (Colonel equivalent) Missile Boat Brigade Commander Valery Nikolaevich Trankovsky
75%
June 17, 1977 7th Mountain Guards Air Assault Division Colonel Division Head of Air Defense Valery Petrovich Petrash
75%
June 16, 1985 247th Guards Air Assault Regiment, 7th Mountain Guards Air Assault Division Guard Colonel or Guard Lt. Colonel Regiment Commander (2nd CO of 247th Regiment KIA) Vasily Viktorovich Popov
75%
January 15, 1976 112th Separate Helicopter Regiment Colonel Helicopter Regiment Commander Vitaly Vitalievich Tabachnikov
75%
June 6, 1979 108th Guards Air Assault Regiment, 7th Mountain Guards Air Assault Division Guard Colonel Airborne Regiment Commander Vitaly Vladimirovich Sukuev
75%
February 6, 1967 8th Guards Combined Arms Army, Southern Military District Major General Army Deputy Commander Vladimir Petrovich Frolov
75%
January 11, 1978 14th Army Corps, 2nd Motor Rifle Division (formerly) Major General Army Corps Deputy Commander, Division Commander Vladimir Vasilievich Zavadsky
75%
December 5, 1967 1009th Motor Rifle Regiment Colonel Motor Rifle Regiment Commander Vladimir Viktorovich Kuznetsov
75%
August 20, 1971 11th Regional Military Automobile Inspectorate Colonel Head of the Inspectorate Vyacheslav Yurievich Nesterov
75%
November 25, 1977 810th Separate Guards Naval Infantry Brigade Colonel or Lt. Colonel Naval Infantry Brigade Chief of Staff/former Interim Commander Yan Aleksandrovich Sukhanov
75%
February 7, 1976 1486th (Leningrad) Motor Rifle Regiment Colonel Motor Rifle Regiment Commander Yevgeny Alexandrovich Vashunin
75%
September 1, 1979 2nd Army Corps (LPR) 8th Guards Combined Arms Army Colonel Army Corps Deputy Commander for Military-Political Affairs Yevgeny Anatolievich Brovko
75%
???? 3rd Radio Engineering Regiment, 4th Guards Air and Air Defense Forces Army Lt. Colonel Radio/Technical Regiment Commander Alexander Alexandrovich Kulakov
50%
February 15, 1988 Russian Landing Ship Caesar Kunikov Navy Captain (3rd Rank) Landing Ship Captain Alexander Grigorievich Chirva
50%
May 25, 1991 1st Guards Motor Rifle Regiment, 2nd Guards Motor Rifle Division (Tamanskaya) Major Interim Motor Rifle Regiment Commander (replaced D.... M...... Alexander Mikhailovich Ananichev
50%
September 26, 1979 59th Guards Tank Regiment, 144th Guards Motor Rifle Division, 20th Guards Combined Arms Army Colonel Tank Regiment Commander Alexander Viktorovich Bespalov
50%
July 4, 1981 6th Guards Tank Regiment, 90th Guards Tank Division Colonel Tank Regiment Commander Alexander Vladimirovich Zakharov
50%
234th Guards Air Assault Regiment, 76th Guards Air Assault Division Guard Lt. Colonel Airborne Regiment Commander Alexander Vyacheslavovich Kurin
50%
???? 11th Separate Guards Air Assault Brigade, Eastern Military District Lt. Colonel Air Assault Brigade Deputy Commander Alexander Vyacheslavovich Smirnov
50%
January 22, 1981 423rd Guards Motor Rifle Regiment, 4th Guards Tank Division, 1st Guards Tank Army Lt. Colonel Motor Rifle Regiment Commander Alexander Yevstafievich Sorochinsky
50%
June 30, 1974 1st Deputy Head of Occupied Kherson City Colonel 1st Deputy Head of Kherson City-State Administration Alexei Viktorovich Katerinichev
50%
February 6, 1980 810th Separate Guards Naval Infantry Brigade Colonel Marine/Naval Infantry Brigade Commander Alexey Nikolaevich Sharov
50%
December 24, 1967 3rd Guards Combined Aviation Division, 4th Air and Air Defense Forces Army, Southern Military District Colonel Aviation Division Chief of Staff Anatoly Aleksandrovich Stasyukevich
50%
February 13, 1971 Black Sea Fleet Navy Captain (1st Rank) (Colonel equivalent) Fleet Deputy Commander for Military and Political Work Andrey Nikolaevich Paliy
50%
July 20, 1970 Deputy Chief of Combat Training for Airborne Forces, Belgorod Operational Group (Former commander of 31st Air Assault Brigade before the Russian Invasion) Guard Colonel Deputy Chief of Combat Training /Commander of Belgorod Operational Group (Former) VDV Brigade Commander Andrey Vasilievich Stasev
50%
February 10, 1973 106th Guards Airborne Division Colonel (VDV) Airborne Division Chief of Staff Andrey Vyacheslavovich Vasilyev
50%
November 15, 1982 1st Guards Motor Rifle Regiment, 2nd Guards Motor Rifle Division (Tamanskaya) Lt. Colonel Motor Rifle Regiment Commander Denis Valerievich Mezhuev
50%
May 6, 1982 12th Separate Guards Engineering Brigade Colonel Engineering Brigade Commander (P.......'s immediate Successor (both killed trying to build pontoon bridges over the Siversky Donets river) Denis Vladimirovich Kozlov
50%
February 9, 1977 61st Separate Naval Infantry Brigade Colonel Naval Infantry Brigade Deputy Commander Dmitry Pavlovich Sofronov
50%
May 15, 1977 872nd Self-Propelled Artillery Regiment, 127th Motor Rifle Division, 5th Combined Arms Army Lt. Colonel Artillery Regiment Commander Fedor Evgenievich Solovyov
50%
June 3, 1970 SOBR/ Kuzbass Colonel Rosgvardia SOBR Unit Commander Igor Dmitrievich Murzin
50%
September 5, 1982 252nd Guards Motor Rifle Regiment. 3rd Motor Rifle Division Colonel Motor Rifle Regiment Commander Igor Evgenievich Nikolaev
50%
January 10, 1982 234th Guards Air Assault Regiment or 331st Guards Parachute Shock Regiment Lt. Colonel Airborne Regiment Chief of Staff Igor Vladimirovich Zharov
50%
September 22, 1970 49th Anti-Aircraft Rocket Brigade, 1st Guards Tank Army Colonel Anti-Aircraft Missile Brigade Commander Ivan Ivanovich Grishin
50%
January 7, 1985 217th Guards Parachute Regiment, (succeeded the severely wounded Guards Col. Viktor Drozdov) (Formerly) 31st Separate Guards Air Assault Brigade until late March 2022), 98th Guards Airborne Division Guard Lt. Colonel Airborne Regiment Commander, Formerly Brigade Deputy Commander Ivan Vladimirovich Pozdeev
50%
December 12, 1984 247th Guards Air Assault Regiment, 7th Mountain Guards Air Assault Division Guard Colonel Airborne Regiment Commander Konstantin Vladimirovich Zizevsky
50%
August 9, 1980 6th Engineering Regiment Colonel Engineering Regiment Commander Mikhail Alexandrovich Nagamov
50%
January 3, 1985 71st Guards Motor Rifle Regiment, 42nd Guards Motor Rifle Division Lt. Colonel Motor Rifle Regiment Commander Mikhail Andreevich Nikilin
50%
June 15, 1982 Western Military District Colonel Military District Deputy Chief of the Engineering Troops Nikolai Nikolaevich Ovcharenko
50%
October 23, 1987 291st Motor Rifle Regiment, 42nd Guards Motor Rifle Division Lt. Colonel Motor Rifle Regiment Commander Oleg Viktorovich Kudryavtsev
50%
February 14, 1984 111th Mobilized Regiment, 1st Army Corps, 8th Guards Combined Arms Army, Southern Military District Lt. Colonel Motor Rifle Regiment Commander Oleg Vladimirovich Bezmen
50%
November 9, 1986 83rd Separate Guards Air Assault Brigade, Eastern Military District Lt. Colonel Air Assault Brigade Deputy Commander Oleg Zakirovich Tashmatov
50%
February 28, 1981 120th Guards Fighter Aviation Regiment, 303rd Composite Aviation Division, 11th Air and Air Defense Forces Army Colonel Aviation Regiment Commander/Su-25 Pilot Ruslan Igorevich Rudnev
50%
May 27, 1984 2nd Anti-Aircraft Missile Regiment, 104th Guards Airborne Division Lt. Colonel Anti Aircraft (VDV) Regiment Commander Ruslan Sergeevich Atanov
50%
December 11, 1980 336th Naval Infantry Brigade Colonel Naval Infantry Brigade Chief of Staff Ruslan Sergeevich Shirin
50%
November 27, 1985 20th Guards Motor Rifle Division, 8th Guards Combined Arms Army Lt. Colonel Motor Rifle Division Chief of Operations Sergey Fedorovich Koval
50%
May 9, 1984 106th Guards Airborne Division Colonel Airborne Division Deputy Commander for Logistics Sergey Igorevich Kuzminov
50%
July 2, 1977 12th Separate Guards Engineering Brigade Colonel Engineering Brigade Commander Sergey Ivanovich Porokhnya
50%
March 13, 1981 331st Guards Parachute Regiment, 98th Guards Airborne Division Guard Colonel Airborne Regiment Commander Sergey Vladimirovich Sukharev
50%
January 11, 1989 247th Guards Air Assault Regiment, 7th Mountain Guards Air Assault Division Guard Major Airborne Regiment Chief of Staff Vadim Sergeevich Smirnov
50%
December 18, 1984 58th Guards Combined Arms Army Lt. Colonel Army Chief of Missile Forces and Artillery Valentin Viktorovich Danilov
50%
October 28, 1976 344th Center for Combat Use and Retraining of Flight Personnel (Army Aviation), Pilot of KA-52 Colonel Deputy Commander of the 344th Center for Combat Use and Retraining of Flight Personnel (Army Aviation) Vasily Petrovich Kleshchenko
50%
November 22, 1981 136th Separate Guards Motor Rifle Brigade, 58th Guards Combined Arms Army Colonel Brigade Chief of Staff Viktor Ivanovich Isaikin
50%
June 28, 1983 Landing Ship Saratov Navy Captain (2nd Rank) Landing Ship Captain Vladimir Aleksandrovich Khromchenkov
50%
October 4, 1971 7th Guards Military Base Colonel Military Base Chief of Staff Vladimir Alexandrovich Rogalev
50%
May 26, 1993 Separate Intelligence "Sparta" Battalion Colonel Sparta Battalion Commander Vladimir Artemovich Zhoga
50%
1982 68th Guards Tank Regiment, 150th Guards Motor Rifle Division Lt. Colonel Tank Regiment Commander Vladimir Sergeevich Bukatkin
50%
February 24, 1977 4th Guards Military Base Colonel Military Base Deputy Commander for Logistics Yuri Alexandrovich Varakin
50%
March 8, 1983 33rd Motor Rifle Regiment, 20th Guards Motor Rifle Division Guard Lt. Colonel Motor Rifle/Airborne Regiment Commander Yuri Yurievich Agarkov
50%
October 11, 1972 104th Guards Air Assault Regiment, 76th Guards Air ASsault Division Colonel ???Regiment Chief of Staff??? Andrei Vladimirovich Bryzgalin
25%
September 17, 1983 4th Separate Motor Rifle Brigade, 2nd Army Corps, 8th Guards Combined Arms Army, Southern Military District Lt. Colonel Motor Rifle Brigade Deputy Commander/Battalion Commander Denis Igorevich Chernikov
25%
May 5, 1984 11th Separate Guards Air Assault Brigade, Eastern Military District Lt. Colonel Air Assault Brigade Deputy Commander Denis Viktorovich Glebov
25%
January 12, 1986 11th Separate Guards Air Assault Brigade Lt. Colonel Brigade Deputy Commander for Military-Political Work Evgeny Alekseevich Agafonov
25%
? 19th Tank Regiment, 67th Motor Rifle Division, 25th Combined Arms Army, Central Military District Colonel/Lt. Colonel? Tank Regiment Commander Evgeny Borisovich Ladnov
25%
June 14, 1975 227th Artillery Brigade, 49th Combined Arms Army, Southern Military District Lt. Colonel Artillery Brigade Chief of Staff Gadzhikurban Magomedovich Magomedov
25%
??? 394th Motor Rifle Regiment, 127th Motor Rifle Division, 5th Combined Arms Army, Eastern Military District Lt. Colonel Motor Rifle Regiment Commander? Pavel Aleksandrovich Kuzhim
25%
October 17, 1981 11th Separate Guards Air Assault Brigade, Eastern Military District Lt. Colonel Brigade Deputy Chief of Staff, Brigade Head of Operations Pavel Andreevich Kislyakov
25%
??? 155th Guards Marine Brigade Lt. Colonel Marine Brigade Deputy Commander Roman Mikhailovich Kozhukhov
25%
April 18, 1978 83rd Separate Guards Air Assault Brigade, Eastern Military District Lt. Colonel Air Assault Brigade Deputy Commander Vitaly Nikolaevich Slabtsov
25%
No matching quizzes found
Score Distribution
Percent of People with Each Score
Percentile by Number Answered
Your Score History
You have not taken this quiz